|
|
|
|
| LEADER |
02131nam a2200409 a 4500 |
| 001 |
492 |
| 003 |
BD-DhAAL |
| 005 |
20211129153232.0 |
| 008 |
980813s1997 bg a b 101 0 eng |
| 999 |
|
|
|c 34364
|d 34364
|
| 010 |
|
|
|a 98905463
|
| 020 |
|
|
|a 9840514199
|
| 025 |
|
|
|a B-E-98-905463; 21
|
| 037 |
|
|
|b Library of Congress -- New Delhi Field Office
|c Tk400.00
|
| 040 |
|
|
|a DLC
|c DLC
|d BD-DhAAL
|
| 042 |
|
|
|a lcode
|
| 043 |
|
|
|a a-bg---
|
| 050 |
0 |
0 |
|a HT720
|b .B27 1997
|
| 082 |
|
|
|a 954.92
|
| 245 |
0 |
0 |
|a Bangladesh in the 1990s :
|b selected studies /
|c edited by Willem van Schendel, Kirsten Westergaard.
|
| 260 |
|
|
|a Dhaka, Bangladesh :
|b Published for the European Network of Bangladesh Studies [by] University Press,
|c 1997.
|
| 300 |
|
|
|a xiii, 167 pages :
|b illustrations ;
|c 23 cm.
|
| 520 |
|
|
|a Selection of papers presented at the Workshop of the European Network of Bangladesh Studies at Zeist, Netherlands, in 1994.
|
| 526 |
|
|
|a BIED
|
| 541 |
|
|
|e 492, 35689
|
| 651 |
|
0 |
|a Bangladesh
|x Scheduled tribes.
|9 10910
|
| 651 |
|
0 |
|a Bangladesh
|x Social conditions.
|9 10911
|
| 651 |
|
0 |
|a Bangladesh
|x Economic conditions.
|9 6034
|
| 700 |
1 |
|
|a Schendel, Willem van.
|9 10912
|
| 700 |
1 |
|
|a Westergaard, Kirsten.
|9 10913
|
| 710 |
2 |
|
|a European Network of Bangladesh Studies.
|b Workshop
|d (1994 :
|c Zeist, Netherlands)
|9 10914
|
| 852 |
|
|
|a Ayesha Abed Library
|c BIED Collection
|
| 942 |
|
|
|2 ddc
|c BK
|
| 952 |
|
|
|0 0
|1 0
|2 ddc
|4 0
|6 954_920000000000000_BAN
|7 0
|9 53656
|a SCL
|b SCL
|c GEN
|d 2015-05-02
|g 400.00
|l 1
|m 10
|o 954.92 BAN
|p 3020000492
|r 2026-05-06
|s 2026-02-17
|t 1
|w 2015-05-02
|y BK
|
| 952 |
|
|
|0 0
|1 0
|2 ddc
|4 0
|6 954_920000000000000_BAN
|7 0
|9 53768
|a SCL
|b SCL
|c GEN
|d 2015-05-18
|g 400.00
|l 3
|m 6
|o 954.92 BAN
|p 3020001003
|r 2023-10-19
|s 2023-10-04
|t 2
|w 2015-05-18
|y BK
|
| 952 |
|
|
|0 0
|1 0
|2 ddc
|4 0
|6 954_920000000000000_BAN
|7 0
|9 61683
|a SCL
|b SCL
|c GEN
|d 2017-10-31
|g 400.00
|l 2
|o 954.92 BAN
|p 3020001239
|r 2026-02-24
|s 2026-02-17
|t 3
|w 2017-10-31
|y BK
|
| 952 |
|
|
|0 0
|1 0
|2 ddc
|4 0
|6 954_920000000000000_BAN
|7 0
|9 66426
|a BRACUL
|b BRACUL
|c GEN
|d 2019-09-19
|e Complimentary copy from BIED
|l 0
|o 954.92 BAN
|p 3010035689
|r 2019-09-19
|t 4
|w 2019-09-19
|y BK
|x Transferred from BIED to General Stacks
|